000 00556nam a2200169 i 4500
001 29010
003 ES-MaACL
005 20230906153951.0
007 t|
008 030120s1969 sp ||||1| spa d
110 2 _aBanco de Santander.
_92115
245 1 0 _aMemoria correspondiente al ejercicio de 1968 /
_cdel Banco de Santander.
260 _a[S.l. :
_bs.n.,
_c1969] (
_eSantander :
_fManufacturas Jean)
300 _a17 p. :
_b4 gráf. ;
_c24 cm.
610 2 4 _aBanco de Santander-
_vMemorias y balances.
_9164678
852 _aES-MaACL
_j2068-F-18
_bR.70722
999 _c29010
_d29010